Statystyki dla Tabelka utworów

Kliknij tutaj aby rozwiązać quiz!

Ogólne statystyki

  • Ten quiz został rozwiązany 16 razy
  • Średni wynik to 24 z 64

Statystyki odpowiedzi

TytułArtystaGatunek literackiEpoka% Poprawnych
Pieśń o Rolandzie-pieśńŚredniowiecze
79%
Pieśń o spustoszeniu
Podola
Jan KochanowskipieśńRenesans
79%
Pieśń świętojańska
o sobótce
Jan KochanowskipieśńRenesans
79%
Exegi monumentumHoracypieśń / carminaAntyk
79%
IliadaHomerepopejaAntyk
71%
OdysejaHomerepopejaAntyk
71%
Stepy AkermańskieAdam MickiewiczsonetRomantyzm
71%
BurzaAdam MickiewiczsonetRomantyzm
71%
Do trupaJan Andrzej MorsztynsonetBarok
71%
TrenyJan KochanowskitrenRenesans
71%
Koniec wieku XIXKazimierz Przerwa-TetmajerwierszMłoda Polska
71%
O żywocie ludzkimJan KochanowskifraszkaRenesans
64%
Na lipęJan KochanowskifraszkaRenesans
64%
Na dom w CzarnolesieJan KochanowskifraszkaRenesans
64%
Na zdrowieJan KochanowskifraszkaRenesans
64%
O, przyjdźStanisław Korab-BrzozowskilirykMłoda Polska
64%
Melodia mgieł nocnychKazimierz Przerwa-TetmajerlirykMłoda Polska
64%
SkąpiecMolierekomediaBarok
57%
Orzeł i jastrząbIgnacy KrasickibajkaOświecenie
50%
PrzyjacieleIgnacy KrasickibajkaOświecenie
50%
MarnotrawstwoIgnacy KrasickibajkaOświecenie
50%
DewotkaIgnacy KrasickibajkaOświecenie
50%
Potok i rzekaIgnacy KrasickibajkaOświecenie
50%
List do MarysieńkiJan III SobieskilistBarok
50%
Kwiatki św. Franciszka-legendaŚredniowiecze
43%
Legenda o św. Aleksym-legendaŚredniowiecze
43%
KamizelkaBolesław PrusnowelaPozytywizm
43%
Rozdziobią nas kruki, wronyStefan ŻeromskinowelaMłoda Polska
43%
LatarnikHenryk SienkiewicznowelaPozytywizm
43%
Gloria VictisEliza OrzeszkowanowelaPozytywizm
43%
SokółGiovanni BoccaccionowelaRenesans
43%
Z legend dawnego EgiptuBolesław PrusnowelaPozytywizm
43%
Oda do młodościAdam MickiewiczodaRomantyzm
43%
PamiętnikiJan Chryzostom PasekpamiętnikBarok
43%
LilijeAdam MickiewiczballadaRomantyzm
36%
RomantycznośćAdam MickiewiczballadaRomantyzm
36%
Kronika PolskaGall AnonimkronikaŚredniowiecze
36%
Boska KomediaDante AlighieripoematŚredniowiecze
36%
Lubię, kiedy kobietaKazimierz Przerwa-TetmajererotykMłoda Polska
21%
Quo VadisHenryk Sienkiewiczpowieść historycznaPozytywizm
21%
PotopHenryk Sienkiewiczpowieść historycznaPozytywizm
21%
Żona modnaIgnacy KrasickisatyraOświecenie
21%
Konrad WallenrodAdam Mickiewiczpowieść poetyckaRomantyzm
14%
Nad NiemnemEliza Orzeszkowapowieść tendencyjnaPozytywizm
14%
Kazania sejmowePiotr Skargachuj wieRenesans
7%
Rozmowa Mistrza
Polikarpa ze Śmiercią
-dialog średniowiecznyŚredniowiecze
7%
KordianJuliusz Słowackidramat romantycznyRomantyzm
7%
Nie-boska komediaZygmunt Krasińskidramat romantycznyRomantyzm
7%
DziadyAdam Mickiewiczdramat romantycznyRomantyzm
7%
WeseleStanisław Wyspiańskidramat symbolicznyMłoda Polska
7%
ChłopiWładysław Stanisław Reymontepopeja chłopskaMłoda Polska
7%
Pan TadeuszAdam Mickiewiczepopeja narodowaRomantyzm
7%
Lament świętokrzyski-lamentacjaŚredniowiecze
7%
Bogurodzica-pieśń maryjnaŚredniowiecze
7%
Ludzie bezdomniStefan Żeromskipowieść młodopolskaMłoda Polska
7%
LalkaBolesław Pruspowieść polifonicznaPozytywizm
7%
PrzedwiośnieStefan Żeromskipowieść politycznaXX-lecie
międzywojenne
7%
Zbrodnia i karaFiodor Dostojewskipowieść psychologicznaPozytywizm
7%
Dzieje Tristana i Izoldy-romans rycerskiŚredniowiecze
7%
AntygonaSofoklestragedia antycznaAntyk
7%
Odprawa posłów greckichJan Kochanowskitragedia renesansowaRenesans
7%
BalladynaJuliusz Słowackitragedia romantycznaRomantyzm
7%
MakbetWilliam Szekspirtragedia szekspirowskaRenesans
7%
Romeo i JuliaWilliam Szekspirtragedia szekspirowskaRenesans
7%

Rozkład punktacji

Percentyl według liczby udzielonych odpowiedzi

Procent ludzi z każdym wynikiem

Twoja historia wyników

Nie rozwiązałeś tego quizu